[Event "Villarobledo Online Qualifyer"]
[Site "playchess.com #155672"]
[Date "2009.05.23"]
[Round "7"]
[White "Q2w3e"]
[Black "Freuds"]
[Result "1/2-1/2"]
[WhiteElo "1560"]
[BlackElo "1487"]
[PlyCount "139"]
[EventDate "2009.05.23"]
[EventType "swiss (blitz)"]

1. c4 {[%emt 0:00:01]} c5 {[%emt 0:00:02]} 2. Nc3 {[%emt 0:00:01]} Nc6 {[%emt
0:00:01]} 3. Nf3 {[%emt 0:00:01]} g6 {[%emt 0:00:02]} 4. g3 {[%emt 0:00:01]}
Bg7 {[%emt 0:00:01]} 5. Bg2 {[%emt 0:00:00]} Nf6 {[%emt 0:00:01]} 6. O-O {
[%emt 0:00:00]} O-O {[%emt 0:00:01]} 7. d4 {[%emt 0:00:02]} cxd4 {[%emt 0:00:
01]} 8. Nxd4 {[%emt 0:00:01]} Nxd4 {[%emt 0:00:01]} 9. Qxd4 {[%emt 0:00:00]} a6
{[%emt 0:00:01]} 10. Bg5 {[%emt 0:00:02]} Qa5 {[%emt 0:00:03]} 11. Qd2 {[%emt
0:00:22]} d6 {[%emt 0:00:16]} 12. Nd5 {[%emt 0:00:34]} Qd8 {[%emt 0:00:08]} 13.
Nxf6+ {[%emt 0:00:13]} exf6 {[%emt 0:00:01]} 14. Bf4 {[%emt 0:00:28]} f5 {
[%emt 0:00:03]} 15. Rab1 {[%emt 0:00:06]} Be5 {[%emt 0:00:15]} 16. Bxe5 {[%emt
0:00:26]} dxe5 {[%emt 0:00:02]} 17. Rfd1 {[%emt 0:00:02]} Qf6 {[%emt 0:00:05]}
18. Qd6 {[%emt 0:00:09]} Qxd6 {[%emt 0:00:08]} 19. Rxd6 {[%emt 0:00:00]} e4 {
[%emt 0:00:01]} 20. b3 {[%emt 0:00:08]} Be6 {[%emt 0:00:01]} 21. Rbd1 {[%emt 0:
00:05]} Rab8 {[%emt 0:00:02]} 22. f3 {[%emt 0:00:07]} exf3 {[%emt 0:00:34]} 23.
Bxf3 {[%emt 0:00:00]} b5 {[%emt 0:00:01]} 24. Bd5 {[%emt 0:00:23]} bxc4 {[%emt
0:00:13]} 25. Bxe6 {[%emt 0:00:05]} fxe6 {[%emt 0:00:01]} 26. bxc4 {[%emt 0:00:
02]} e5 {[%emt 0:00:02]} 27. R1d2 {[%emt 0:00:07]} Rb4 {[%emt 0:00:04]} 28. Rc2
{[%emt 0:00:04]} a5 {[%emt 0:00:03]} 29. Ra6 {[%emt 0:00:07]} a4 {[%emt 0:00:
01]} 30. Ra7 {[%emt 0:00:03]} Rf7 {[%emt 0:00:03]} 31. Rxf7 {[%emt 0:00:02]}
Kxf7 {[%emt 0:00:01]} 32. c5 {[%emt 0:00:01]} Ke7 {[%emt 0:00:04]} 33. c6 {
[%emt 0:00:03]} Kd8 {[%emt 0:00:06]} 34. c7+ {[%emt 0:00:04]} Kc8 {[%emt 0:00:
01]} 35. Kf2 {[%emt 0:00:02]} a3 {[%emt 0:00:01]} 36. Rc3 {[%emt 0:00:09]} Ra4
{[%emt 0:00:06]} 37. h4 {[%emt 0:00:06]} h5 {[%emt 0:00:02]} 38. Kf3 {[%emt 0:
00:02]} e4+ {[%emt 0:00:02]} 39. Kf4 {[%emt 0:00:02]} Ra6 {[%emt 0:00:01]} 40.
Kg5 {[%emt 0:00:02]} Re6 {[%emt 0:00:02]} 41. Rxa3 {[%emt 0:00:02]} Kxc7 {
[%emt 0:00:01]} 42. Ra7+ {[%emt 0:00:01]} Kd8 {[%emt 0:00:02]} 43. Rg7 {[%emt
0:00:01]} Ra6 {[%emt 0:00:01]} 44. Rxg6 {[%emt 0:00:01]} Rxa2 {[%emt 0:00:01]}
45. Kxf5 {[%emt 0:00:02]} Rxe2 {[%emt 0:00:01]} 46. Re6 {[%emt 0:00:03]} e3 {
[%emt 0:00:01]} 47. Kf4 {[%emt 0:00:01]} Re1 {[%emt 0:00:02]} 48. Rxe3 {[%emt
0:00:01]} Rg1 {[%emt 0:00:01]} 49. Kg5 {[%emt 0:00:02]} Rf1 {[%emt 0:00:04]}
50. Kxh5 {[%emt 0:00:01]} Rf5+ {[%emt 0:00:01]} 51. Kg6 {[%emt 0:00:01]} Rf8 {
[%emt 0:00:02]} 52. Kg7 {[%emt 0:00:01]} Rf5 {[%emt 0:00:06]} 53. g4 {[%emt 0:
00:02]} Rf4 {[%emt 0:00:01]} 54. Rg3 {[%emt 0:00:06]} Ke7 {[%emt 0:00:02]} 55.
h5 {[%emt 0:00:03]} Rf7+ {[%emt 0:00:02]} 56. Kg6 {[%emt 0:00:01]} Rf6+ {[%emt
0:00:01]} 57. Kg5 {[%emt 0:00:01]} Rf7 {[%emt 0:00:02]} 58. Re3+ {[%emt 0:00:
01]} Kf8 {[%emt 0:00:03]} 59. h6 {[%emt 0:00:04]} Kg8 {[%emt 0:00:04]} 60. Kg6
{[%emt 0:00:01]} Rf8 {[%emt 0:00:04]} 61. Re7 {[%emt 0:00:04]} Kh8 {[%emt 0:00:
03]} 62. Rh7+ {[%emt 0:00:05]} Kg8 {[%emt 0:00:03]} 63. Rg7+ {[%emt 0:00:01]}
Kh8 {[%emt 0:00:01]} 64. Rf7 {[%emt 0:00:04]} Rg8+ {[%emt 0:00:05]} 65. Kf5 {
[%emt 0:00:03]} Re8 {[%emt 0:00:04]} 66. g5 {[%emt 0:00:01]} Rg8 {[%emt 0:00:
04]} 67. g6 {[%emt 0:00:01]} Re8 {[%emt 0:00:03]} 68. g7+ {[%emt 0:00:02]} Kh7
{[%emt 0:00:01]} 69. Rf8 {[%emt 0:00:01]} Rxf8+ {[%emt 0:00:08]} 70. gxf8=Q {
[%emt 0:00:00]} 1/2-1/2

[Event "Villarobledo Online Qualifyer"]
[Site "playchess.com #155672"]
[Date "2009.05.23"]
[Round "7"]
[White "Steflenicois"]
[Black "Artur95"]
[Result "0-1"]
[WhiteElo "2503"]
[BlackElo "2367"]
[PlyCount "142"]
[EventDate "2009.05.23"]
[EventType "swiss (blitz)"]

1. e4 {[%emt 0:00:02]} c5 {[%emt 0:00:12]} 2. Nf3 {[%emt 0:00:08]} d6 {[%emt 0:
00:05]} 3. d4 {[%emt 0:00:01]} cxd4 {[%emt 0:00:00]} 4. Nxd4 {[%emt 0:00:00]}
Nf6 {[%emt 0:00:01]} 5. Nc3 {[%emt 0:00:01]} g6 {[%emt 0:00:00]} 6. Be3 {[%emt
0:00:01]} Bg7 {[%emt 0:00:00]} 7. Bc4 {[%emt 0:00:02]} O-O {[%emt 0:00:01]} 8.
Bb3 {[%emt 0:00:00]} Ng4 {[%emt 0:00:04]} 9. Bg5 {[%emt 0:00:01]} Nc6 {[%emt 0:
00:01]} 10. Nxc6 {[%emt 0:00:02]} bxc6 {[%emt 0:00:00]} 11. O-O {[%emt 0:00:01]
} a5 {[%emt 0:00:04]} 12. h3 {[%emt 0:00:01]} Nf6 {[%emt 0:00:01]} 13. f4 {
[%emt 0:00:07]} a4 {[%emt 0:00:14]} 14. Bxa4 {[%emt 0:00:39]} Nxe4 {[%emt 0:00:
04]} 15. Nxe4 {[%emt 0:00:14]} Rxa4 {[%emt 0:00:08]} 16. Qf3 {[%emt 0:00:01]}
f6 {[%emt 0:00:31]} 17. Bh4 {[%emt 0:00:03]} Qb6+ {[%emt 0:00:05]} 18. Bf2 {
[%emt 0:00:04]} Qxb2 {[%emt 0:00:03]} 19. c3 {[%emt 0:00:33]} f5 {[%emt 0:00:
16]} 20. Ng5 {[%emt 0:00:03]} Qxc3 {[%emt 0:00:08]} 21. Qe2 {[%emt 0:00:19]} h6
{[%emt 0:00:30]} 22. Nf3 {[%emt 0:00:02]} Re4 {[%emt 0:00:06]} 23. Qd2 {[%emt
0:00:27]} Qxd2 {[%emt 0:00:03]} 24. Nxd2 {[%emt 0:00:00]} Bxa1 {[%emt 0:00:05]}
25. Nxe4 {[%emt 0:00:01]} fxe4 {[%emt 0:00:00]} 26. Rxa1 {[%emt 0:00:01]} Be6 {
[%emt 0:00:05]} 27. a4 {[%emt 0:00:02]} Ra8 {[%emt 0:00:01]} 28. Kf1 {[%emt 0:
00:05]} Bc4+ {[%emt 0:00:07]} 29. Ke1 {[%emt 0:00:01]} c5 {[%emt 0:00:01]} 30.
Kd2 {[%emt 0:00:01]} Kf7 {[%emt 0:00:02]} 31. g4 {[%emt 0:00:03]} Ke6 {[%emt 0:
00:02]} 32. Ke3 {[%emt 0:00:03]} Bd3 {[%emt 0:00:02]} 33. Be1 {[%emt 0:00:01]}
d5 {[%emt 0:00:02]} 34. h4 {[%emt 0:00:04]} d4+ {[%emt 0:00:01]} 35. Kd2 {
[%emt 0:00:01]} Kd5 {[%emt 0:00:01]} 36. h5 {[%emt 0:00:04]} gxh5 {[%emt 0:00:
01]} 37. gxh5 {[%emt 0:00:00]} c4 {[%emt 0:00:02]} 38. Bh4 {[%emt 0:00:03]} c3+
{[%emt 0:00:03]} 39. Kd1 {[%emt 0:00:01]} Ra7 {[%emt 0:00:10]} 40. a5 {[%emt 0:
00:01]} e3 {[%emt 0:00:02]} 41. Ra4 {[%emt 0:00:06]} c2+ {[%emt 0:00:05]} 42.
Kc1 {[%emt 0:00:02]} e2 {[%emt 0:00:04]} 43. Bf2 {[%emt 0:00:01]} Bc4 {[%emt 0:
00:10]} 44. Kxc2 {[%emt 0:00:05]} Ra6 {[%emt 0:00:13]} 45. Kd2 {[%emt 0:00:02]}
e6 {[%emt 0:00:10]} 46. Bh4 {[%emt 0:00:02]} Kc5 {[%emt 0:00:03]} 47. Bf2 {
[%emt 0:00:01]} Kb5 {[%emt 0:00:01]} 48. Ra1 {[%emt 0:00:02]} d3 {[%emt 0:00:
06]} 49. Bb6 {[%emt 0:00:03]} Kc6 {[%emt 0:00:01]} 50. Rc1 {[%emt 0:00:05]} Kd5
{[%emt 0:00:01]} 51. Ke3 {[%emt 0:00:03]} Ra8 {[%emt 0:00:04]} 52. Kd2 {[%emt
0:00:01]} Rf8 {[%emt 0:00:02]} 53. Bc7 {[%emt 0:00:02]} Rf5 {[%emt 0:00:03]}
54. Be5 {[%emt 0:00:04]} Rxh5 {[%emt 0:00:03]} 55. Ra1 {[%emt 0:00:07]} Ba6 {
[%emt 0:00:06]} 56. Bc7 {[%emt 0:00:03]} Rh3 {[%emt 0:00:05]} 57. Rc1 {[%emt 0:
00:10]} Rf3 {[%emt 0:00:02]} 58. Re1 {[%emt 0:00:19] .} Rf1 {[%emt 0:00:01]}
59. Bd8 {[%emt 0:00:03]} Ke4 {[%emt 0:00:01]} 60. Bc7 {[%emt 0:00:07]} Kf3 {
[%emt 0:00:01]} 61. Bb8 {[%emt 0:00:04]} h5 {[%emt 0:00:01]} 62. f5 {[%emt 0:
00:02]} exf5 {[%emt 0:00:02]} 63. Ba7 {[%emt 0:00:05]} f4 {[%emt 0:00:01]} 64.
Bb8 {[%emt 0:00:01]} h4 {[%emt 0:00:01]} 65. Rc1 {[%emt 0:00:01]} Rxc1 {[%emt
0:00:01]} 66. Kxc1 {[%emt 0:00:00]} e1=Q+ {[%emt 0:00:00]} 67. Kb2 {[%emt 0:00:
00]} d2 {[%emt 0:00:01]} 68. Ka2 {[%emt 0:00:00]} d1=Q {[%emt 0:00:00]} 69.
Bxf4 {[%emt 0:00:01]} Qee2+ {[%emt 0:00:04]} 70. Ka3 {[%emt 0:00:00]} Qdd3+ {
[%emt 0:00:01]} 71. Ka4 {[%emt 0:00:01]} Qee4# {[%emt 0:00:01]} 0-1

[Event "Villarobledo Online Qualifyer"]
[Site "playchess.com #155672"]
[Date "2009.05.23"]
[Round "7"]
[White "Drago_infiammato"]
[Black "Von Herman"]
[Result "1-0"]
[WhiteElo "2064"]
[BlackElo "2273"]
[PlyCount "141"]
[EventDate "2009.05.23"]
[EventType "swiss (blitz)"]

1. d4 {[%emt 0:00:01]} Nf6 {[%emt 0:00:11]} 2. c4 {[%emt 0:00:02]} e6 {[%emt 0:
00:04]} 3. Nc3 {[%emt 0:00:03]} Bb4 {[%emt 0:00:02]} 4. Qc2 {[%emt 0:00:03]}
O-O {[%emt 0:00:02]} 5. Nf3 {[%emt 0:00:02]} c5 {[%emt 0:00:07]} 6. e3 {[%emt
0:00:01]} cxd4 {[%emt 0:00:02]} 7. exd4 {[%emt 0:00:01]} d5 {[%emt 0:00:01]} 8.
Be3 {[%emt 0:00:01]} Nc6 {[%emt 0:00:06]} 9. a3 {[%emt 0:00:02]} Be7 {[%emt 0:
00:02]} 10. Be2 {[%emt 0:00:03]} dxc4 {[%emt 0:00:01]} 11. Bxc4 {[%emt 0:00:01]
} b6 {[%emt 0:00:01]} 12. O-O {[%emt 0:00:02]} Bb7 {[%emt 0:00:01]} 13. Bd3 {
[%emt 0:00:01]} Rc8 {[%emt 0:00:05]} 14. Qe2 {[%emt 0:00:01]} Nd5 {[%emt 0:00:
04]} 15. Nxd5 {[%emt 0:00:02]} Qxd5 {[%emt 0:00:02]} 16. Bc4 {[%emt 0:00:02]}
Qd6 {[%emt 0:00:03]} 17. Ba6 {[%emt 0:00:04]} Bxa6 {[%emt 0:00:09]} 18. Qxa6 {
[%emt 0:00:00]} Bf6 {[%emt 0:00:01]} 19. Rfd1 {[%emt 0:00:03]} Rfd8 {[%emt 0:
00:10]} 20. Rac1 {[%emt 0:00:05]} Rc7 {[%emt 0:00:01]} 21. Qa4 {[%emt 0:00:11]}
Ne7 {[%emt 0:00:15]} 22. Rxc7 {[%emt 0:00:05]} Qxc7 {[%emt 0:00:01]} 23. Rc1 {
[%emt 0:00:01]} Qb7 {[%emt 0:00:01]} 24. Qc2 {[%emt 0:00:11]} Nd5 {[%emt 0:00:
06]} 25. Qc6 {[%emt 0:00:12]} Qxc6 {[%emt 0:00:12]} 26. Rxc6 {[%emt 0:00:02]}
h6 {[%emt 0:00:00]} 27. Kf1 {[%emt 0:00:07]} g5 {[%emt 0:00:01]} 28. h3 {[%emt
0:00:01]} Kg7 {[%emt 0:00:01]} 29. Ke2 {[%emt 0:00:03]} Kg6 {[%emt 0:00:01]}
30. Nd2 {[%emt 0:00:09]} Be7 {[%emt 0:00:05]} 31. Rc1 {[%emt 0:00:16]} Bd6 {
[%emt 0:00:03]} 32. Nb3 {[%emt 0:00:05]} h5 {[%emt 0:00:05]} 33. a4 {[%emt 0:
00:03]} h4 {[%emt 0:00:08]} 34. a5 {[%emt 0:00:02]} Rb8 {[%emt 0:00:13]} 35.
Rc2 {[%emt 0:00:15]} f5 {[%emt 0:00:21]} 36. axb6 {[%emt 0:00:04]} Rxb6 {[%emt
0:00:02]} 37. Nd2 {[%emt 0:00:01]} f4 {[%emt 0:00:02]} 38. Nc4 {[%emt 0:00:03]}
fxe3 {[%emt 0:00:13]} 39. Nxb6 {[%emt 0:00:01]} axb6 {[%emt 0:00:01]} 40. fxe3
{[%emt 0:00:05]} Kf7 {[%emt 0:00:10]} 41. Rc6 {[%emt 0:00:03]} Bb4 {[%emt 0:00:
09]} 42. Kf3 {[%emt 0:00:08]} Ba5 {[%emt 0:00:02]} 43. e4 {[%emt 0:00:12]} Nb4
{[%emt 0:00:09]} 44. Rc7+ {[%emt 0:00:02]} Kf6 {[%emt 0:00:02]} 45. Rc4 {[%emt
0:00:07]} Nd3 {[%emt 0:00:02]} 46. b3 {[%emt 0:00:05]} Nb2 {[%emt 0:00:07]} 47.
Rc8 {[%emt 0:00:04]} Bd2 {[%emt 0:00:06]} 48. Kg4 {[%emt 0:00:03]} Nd3 {[%emt
0:00:11]} 49. e5+ {[%emt 0:00:03]} Ke7 {[%emt 0:00:02]} 50. Rc6 {[%emt 0:00:05]
} b5 {[%emt 0:00:02]} 51. Rb6 {[%emt 0:00:03]} b4 {[%emt 0:00:01]} 52. Rb7+ {
[%emt 0:00:07]} Kd8 {[%emt 0:00:02]} 53. Kf3 {[%emt 0:00:03]} Bc3 {[%emt 0:00:
06]} 54. g3 {[%emt 0:00:04]} hxg3 {[%emt 0:00:04]} 55. Kxg3 {[%emt 0:00:01]}
Bxd4 {[%emt 0:00:08]} 56. Kg4 {[%emt 0:00:01]} Nxe5+ {[%emt 0:00:14]} 57. Kxg5
{[%emt 0:00:06]} Nc6 {[%emt 0:00:01]} 58. Rh7 {[%emt 0:00:07]} Ne7 {[%emt 0:00:
03]} 59. Kf4 {[%emt 0:00:07]} Kd7 {[%emt 0:00:01]} 60. Ke4 {[%emt 0:00:01]} Bc3
{[%emt 0:00:03]} 61. Rh5 {[%emt 0:00:05]} Kd6 {[%emt 0:00:01]} 62. Ra5 {[%emt
0:00:02]} Nd5 {[%emt 0:00:01]} 63. Ra6+ {[%emt 0:00:01]} Ke7 {[%emt 0:00:01]}
64. h4 {[%emt 0:00:03]} Nf6+ {[%emt 0:00:04]} 65. Kf4 {[%emt 0:00:03]} Bd2+ {
[%emt 0:00:02]} 66. Kg3 {[%emt 0:00:03]} e5 {[%emt 0:00:02]} 67. Rb6 {[%emt 0:
00:10]} e4 {[%emt 0:00:03]} 68. Rb5 {[%emt 0:00:11]} Ke6 {[%emt 0:00:03]} 69.
h5 {[%emt 0:00:01]} Nd5 {[%emt 0:00:07]} 70. Kf2 {[%emt 0:00:11] .} Nf4 {[%emt
0:00:06]} 71. Rb6+ {[%emt 0:00:04] Zeit} 1-0

[Event "Villarobledo Online Qualifyer"]
[Site "playchess.com #155672"]
[Date "2009.05.23"]
[Round "7"]
[White "Too Easy"]
[Black "Kingsize"]
[Result "1-0"]
[WhiteElo "1576"]
[BlackElo "1466"]
[PlyCount "163"]
[EventDate "2009.05.23"]
[EventType "swiss (blitz)"]

1. e4 {[%emt 0:00:01]} e5 {[%emt 0:00:02]} 2. Nf3 {[%emt 0:00:01]} Nc6 {[%emt
0:00:01]} 3. Bb5 {[%emt 0:00:00]} a6 {[%emt 0:00:02]} 4. Ba4 {[%emt 0:00:01]}
b5 {[%emt 0:00:03]} 5. Bb3 {[%emt 0:00:02]} Be7 {[%emt 0:00:01]} 6. c3 {[%emt
0:00:01]} Nf6 {[%emt 0:00:02]} 7. d3 {[%emt 0:00:01]} d6 {[%emt 0:00:04]} 8. h3
{[%emt 0:00:06]} O-O {[%emt 0:00:02]} 9. O-O {[%emt 0:00:01]} Na5 {[%emt 0:00:
02]} 10. Bc2 {[%emt 0:00:01]} c5 {[%emt 0:00:01]} 11. Re1 {[%emt 0:00:02]} Be6
{[%emt 0:00:03]} 12. a4 {[%emt 0:00:09]} Nc6 {[%emt 0:00:06]} 13. Nbd2 {[%emt
0:00:06]} Qd7 {[%emt 0:00:06]} 14. Ng5 {[%emt 0:00:04]} h6 {[%emt 0:00:05]} 15.
Nxe6 {[%emt 0:00:02]} Qxe6 {[%emt 0:00:03]} 16. Bb3 {[%emt 0:00:10]} Qd7 {
[%emt 0:00:03]} 17. Nf3 {[%emt 0:00:06]} Na5 {[%emt 0:00:15]} 18. Bc2 {[%emt 0:
00:03]} Nc6 {[%emt 0:00:09]} 19. Nh4 {[%emt 0:00:25]} Nh7 {[%emt 0:00:11]} 20.
Nf5 {[%emt 0:00:02]} Bg5 {[%emt 0:00:06]} 21. Qg4 {[%emt 0:00:08]} Nf6 {[%emt
0:00:29]} 22. Qg3 {[%emt 0:00:21]} Nh5 {[%emt 0:00:42]} 23. Qg4 {[%emt 0:00:27]
} Nf6 {[%emt 0:00:02]} 24. Qf3 {[%emt 0:00:04]} Bxc1 {[%emt 0:00:14]} 25. Rexc1
{[%emt 0:00:09]} Kh7 {[%emt 0:00:05]} 26. Qg3 {[%emt 0:00:16]} Rg8 {[%emt 0:00:
06]} 27. axb5 {[%emt 0:00:04]} Ne7 {[%emt 0:00:14]} 28. Nxe7 {[%emt 0:00:06]}
Qxe7 {[%emt 0:00:04]} 29. bxa6 {[%emt 0:00:04]} Nh5 {[%emt 0:00:09]} 30. Qg4 {
[%emt 0:00:18]} Nf4 {[%emt 0:00:02]} 31. Bb3 {[%emt 0:00:02]} h5 {[%emt 0:00:
07]} 32. Qf5+ {[%emt 0:00:15]} g6 {[%emt 0:00:03]} 33. Qxf7+ {[%emt 0:00:01]}
Qxf7 {[%emt 0:00:03]} 34. Bxf7 {[%emt 0:00:00]} Rg7 {[%emt 0:00:01]} 35. Bd5 {
[%emt 0:00:02]} Raa7 {[%emt 0:00:02]} 36. Rd1 {[%emt 0:00:06]} Rgf7 {[%emt 0:
00:16]} 37. Bxf7 {[%emt 0:00:05]} Kg7 {[%emt 0:00:02]} 38. Bd5 {[%emt 0:00:02]}
Kf6 {[%emt 0:00:01]} 39. Kh2 {[%emt 0:00:08]} Nxd5 {[%emt 0:00:02]} 40. exd5 {
[%emt 0:00:01]} Kg5 {[%emt 0:00:01]} 41. g3 {[%emt 0:00:02]} Kf6 {[%emt 0:00:
02]} 42. Kg2 {[%emt 0:00:01]} g5 {[%emt 0:00:01]} 43. c4 {[%emt 0:00:02]} Kf5 {
[%emt 0:00:01]} 44. Re1 {[%emt 0:00:01]} Kf6 {[%emt 0:00:01]} 45. Re4 {[%emt 0:
00:01]} Kf5 {[%emt 0:00:01]} 46. Ra5 {[%emt 0:00:04]} Kf6 {[%emt 0:00:02]} 47.
Re1 {[%emt 0:00:06]} Kf5 {[%emt 0:00:01]} 48. Rb1 {[%emt 0:00:01]} g4 {[%emt 0:
00:03]} 49. hxg4+ {[%emt 0:00:05]} hxg4 {[%emt 0:00:01]} 50. b4 {[%emt 0:00:01]
} cxb4 {[%emt 0:00:03]} 51. Rxb4 {[%emt 0:00:01]} e4 {[%emt 0:00:01]} 52. dxe4+
{[%emt 0:00:01]} Kxe4 {[%emt 0:00:01]} 53. Rb7 {[%emt 0:00:01]} Ra8 {[%emt 0:
00:02]} 54. a7 {[%emt 0:00:03]} Kd4 {[%emt 0:00:03]} 55. Rb8 {[%emt 0:00:01]}
Rxa7 {[%emt 0:00:01]} 56. Rxa7 {[%emt 0:00:01]} Kxc4 {[%emt 0:00:01]} 57. Ra5 {
[%emt 0:00:02]} Kd4 {[%emt 0:00:01]} 58. Rg8 {[%emt 0:00:06]} Kd3 {[%emt 0:00:
03]} 59. Rxg4 {[%emt 0:00:00]} Ke2 {[%emt 0:00:03]} 60. Rf4 {[%emt 0:00:02]}
Kd3 {[%emt 0:00:01]} 61. Ra6 {[%emt 0:00:01]} Ke2 {[%emt 0:00:03]} 62. Rxd6 {
[%emt 0:00:00]} Kd3 {[%emt 0:00:02]} 63. Re6 {[%emt 0:00:00]} Kd2 {[%emt 0:00:
02]} 64. d6 {[%emt 0:00:00]} Kc3 {[%emt 0:00:02]} 65. d7 {[%emt 0:00:00]} Kc2 {
[%emt 0:00:02]} 66. Rd4 {[%emt 0:00:01]} Kc3 {[%emt 0:00:01]} 67. Rd5 {[%emt 0:
00:02]} Kc4 {[%emt 0:00:01]} 68. Rd1 {[%emt 0:00:01]} Kc3 {[%emt 0:00:01]} 69.
Rc6+ {[%emt 0:00:01]} Kb4 {[%emt 0:00:02]} 70. Rb1+ {[%emt 0:00:01]} Ka5 {
[%emt 0:00:02]} 71. Rc8 {[%emt 0:00:02]} Ka6 {[%emt 0:00:02]} 72. g4 {[%emt 0:
00:02]} Ka7 {[%emt 0:00:02]} 73. g5 {[%emt 0:00:02]} Ka6 {[%emt 0:00:01]} 74.
f3 {[%emt 0:00:01]} Ka7 {[%emt 0:00:01]} 75. f4 {[%emt 0:00:00]} Ka6 {[%emt 0:
00:01]} 76. f5 {[%emt 0:00:00]} Ka7 {[%emt 0:00:01]} 77. g6 {[%emt 0:00:00]}
Ka6 {[%emt 0:00:01]} 78. f6 {[%emt 0:00:00]} Ka7 {[%emt 0:00:01]} 79. g7 {
[%emt 0:00:01]} Ka6 {[%emt 0:00:01]} 80. f7 {[%emt 0:00:01]} Ka7 {[%emt 0:00:
01]} 81. Rc2 {[%emt 0:00:04]} Ka6 {[%emt 0:00:01]} 82. Ra2# {[%emt 0:00:01]}
1-0

[Event "Villarobledo Online Qualifyer"]
[Site "playchess.com #155672"]
[Date "2009.05.23"]
[Round "7"]
[White "Hakem_II"]
[Black "Torre repetto 2"]
[Result "1-0"]
[WhiteElo "1894"]
[BlackElo "1638"]
[PlyCount "139"]
[EventDate "2009.05.23"]
[EventType "swiss (blitz)"]

1. d4 {[%emt 0:00:00]} d6 {[%emt 0:00:02]} 2. c4 {[%emt 0:00:02]} Nf6 {[%emt 0:
00:07]} 3. Nc3 {[%emt 0:00:02]} g6 {[%emt 0:00:08]} 4. e4 {[%emt 0:00:02]} Bg7
{[%emt 0:00:01]} 5. Be2 {[%emt 0:00:01]} O-O {[%emt 0:00:01]} 6. Nf3 {[%emt 0:
00:01]} c5 {[%emt 0:00:01]} 7. d5 {[%emt 0:00:04]} e5 {[%emt 0:00:01]} 8. Be3 {
[%emt 0:00:08]} a6 {[%emt 0:00:03]} 9. Nd2 {[%emt 0:00:02] Torre repetto 2
ofrece tablas} Nbd7 {[%emt 0:00:08]} 10. a3 {[%emt 0:00:02]} b6 {[%emt 0:00:03]
} 11. b4 {[%emt 0:00:01]} Bb7 {[%emt 0:00:12]} 12. O-O {[%emt 0:00:02]} Re8 {
[%emt 0:00:04]} 13. Qc2 {[%emt 0:00:04]} Rc8 {[%emt 0:00:03]} 14. Rab1 {[%emt
0:00:18]} Qc7 {[%emt 0:00:19]} 15. Qb3 {[%emt 0:00:08]} cxb4 {[%emt 0:00:09]}
16. axb4 {[%emt 0:00:03]} Nh5 {[%emt 0:00:03]} 17. Bxh5 {[%emt 0:00:03]} gxh5 {
[%emt 0:00:01]} 18. Qd1 {[%emt 0:00:05]} Nf6 {[%emt 0:00:02]} 19. Bg5 {[%emt 0:
00:13]} Qd7 {[%emt 0:00:26]} 20. Be3 {[%emt 0:00:24]} Qc7 {[%emt 0:00:05]} 21.
Qe2 {[%emt 0:00:02]} Ng4 {[%emt 0:00:05]} 22. h3 {[%emt 0:00:10]} Nxe3 {[%emt
0:00:01]} 23. fxe3 {[%emt 0:00:01]} f6 {[%emt 0:00:11]} 24. Qxh5 {[%emt 0:00:
02]} Qf7 {[%emt 0:00:01]} 25. Qg4 {[%emt 0:00:25]} Qg6 {[%emt 0:00:12]} 26. Qf5
{[%emt 0:00:03]} Qxf5 {[%emt 0:00:06]} 27. exf5 {[%emt 0:00:02]} Bh6 {[%emt 0:
00:01]} 28. Rbe1 {[%emt 0:00:09]} Rc7 {[%emt 0:00:13]} 29. Nce4 {[%emt 0:00:02]
} Bg7 {[%emt 0:00:29]} 30. Nxd6 {[%emt 0:00:03]} Rb8 {[%emt 0:00:00]} 31. N6e4
{[%emt 0:00:02]} b5 {[%emt 0:00:01]} 32. d6 {[%emt 0:00:04]} Rd7 {[%emt 0:00:
03]} 33. c5 {[%emt 0:00:01]} Bc6 {[%emt 0:00:04]} 34. Nc3 {[%emt 0:00:03]} Kf7
{[%emt 0:00:02]} 35. e4 {[%emt 0:00:01]} Bh6 {[%emt 0:00:02]} 36. Nb3 {[%emt 0:
00:02]} Bf4 {[%emt 0:00:06]} 37. Na5 {[%emt 0:00:04]} Rc8 {[%emt 0:00:15]} 38.
Kf2 {[%emt 0:00:02]} Bd2 {[%emt 0:00:01] Torre repetto 2 ofrece tablas} 39. Rc1
{[%emt 0:00:29]} Bxc1 {[%emt 0:00:02]} 40. Rxc1 {[%emt 0:00:01]} Kg7 {[%emt 0:
00:06]} 41. Nd5 {[%emt 0:00:05]} Bxd5 {[%emt 0:00:05]} 42. exd5 {[%emt 0:00:01]
} Rxd6 {[%emt 0:00:04]} 43. Rd1 {[%emt 0:00:16]} Rdd8 {[%emt 0:00:06]} 44. d6 {
[%emt 0:00:06]} Kh6 {[%emt 0:00:10]} 45. Ke3 {[%emt 0:00:01]} Kg5 {[%emt 0:00:
01]} 46. Ke4 {[%emt 0:00:01]} h5 {[%emt 0:00:01]} 47. Rf1 {[%emt 0:00:06]} Kh4
{[%emt 0:00:01]} 48. Kd5 {[%emt 0:00:04]} Kg3 {[%emt 0:00:01]} 49. c6 {[%emt 0:
00:20] .} Kxg2 {[%emt 0:00:06]} 50. Rc1 {[%emt 0:00:04]} Kf3 {[%emt 0:00:06]}
51. Rc5 {[%emt 0:00:01]} e4 {[%emt 0:00:01]} 52. d7 {[%emt 0:00:02]} Rc7 {
[%emt 0:00:01]} 53. Kd6 {[%emt 0:00:01]} Rxc6+ {[%emt 0:00:01]} 54. Rxc6 {
[%emt 0:00:01]} e3 {[%emt 0:00:01]} 55. Ke7 {[%emt 0:00:02]} Rxd7+ {[%emt 0:00:
01]} 56. Kxd7 {[%emt 0:00:01]} e2 {[%emt 0:00:00]} 57. Re6 {[%emt 0:00:01]} Kf2
{[%emt 0:00:01]} 58. Ke7 {[%emt 0:00:01]} e1=Q {[%emt 0:00:01]} 59. Rxe1 {
[%emt 0:00:01]} Kxe1 {[%emt 0:00:00]} 60. Kxf6 {[%emt 0:00:00]} Kf2 {[%emt 0:
00:00]} 61. Kg5 {[%emt 0:00:01]} Kg3 {[%emt 0:00:00]} 62. Kxh5 {[%emt 0:00:01]}
Kxh3 {[%emt 0:00:00]} 63. f6 {[%emt 0:00:00]} Kg3 {[%emt 0:00:00]} 64. f7 {
[%emt 0:00:00]} Kf4 {[%emt 0:00:00]} 65. f8=Q+ {[%emt 0:00:00]} Ke4 {[%emt 0:
00:00]} 66. Qc5 {[%emt 0:00:00]} Kd3 {[%emt 0:00:01]} 67. Qb6 {[%emt 0:00:02]}
Kc3 {[%emt 0:00:01]} 68. Qd6 {[%emt 0:00:01]} Kb2 {[%emt 0:00:06]} 69. Qxa6 {
[%emt 0:00:01]} Ka3 {[%emt 0:00:00]} 70. Qxb5 {[%emt 0:00:02] Torre repetto 2
rinde} 1-0